<?xml version="1.0" encoding="UTF-8"?>
<collection xmlns="http://www.loc.gov/MARC21/slim">
 <record>
  <leader>01446nam a22001935a 4500</leader>
  <controlfield tag="001">EEO.eeo003914</controlfield>
  <controlfield tag="008">260320s2016####ag############000#0#und#d</controlfield>
  <controlfield tag="005">20260320192751.0</controlfield>
  <datafield tag="245" ind1="1" ind2="0">
   <subfield code="a">Ocho claves para el cambio creativo :</subfield>
   <subfield code="b">en la empresa y en la vida /</subfield>
   <subfield code="c">Hilda Cañeque.</subfield>
  </datafield>
  <datafield tag="250" ind1=" " ind2=" ">
   <subfield code="a">1a ed.</subfield>
  </datafield>
  <datafield tag="260" ind1=" " ind2=" ">
   <subfield code="a">Buenos Aires :</subfield>
   <subfield code="b">Granica,</subfield>
   <subfield code="c">2016.</subfield>
  </datafield>
  <datafield tag="300" ind1=" " ind2=" ">
   <subfield code="a">286 p. ;</subfield>
   <subfield code="c">22 cm.</subfield>
  </datafield>
  <datafield tag="520" ind1=" " ind2=" ">
   <subfield code="a">&quot;Esta obra tiene que ver más con el alma que con el oficio. El ámbito elegido para el desarrollo de los temas es el de las empresas. En un país como la Argentina, con un enorme potencial natural y creativo, vulnerado por cambios no planificados, influencias poco analizadas, alta volatilidad en sus decisiones para crecer y poca formación en liderazgo, las empresas están siempre presentes para resolver necesidades básicas de las personas grupos, e instituciones. Muchas veces actúan como tejido de sostén de un país al que le cuesta salir de su larga adolescencia. El libro contiene ocho competencias clave para producir la innovación y los cambios que hoy se necesitan. Cada lector elegirá lo que crea necesario para aumentar su potencial creativo, practicando día a día lo aprendido. Los resultados aparecerán mucho antes de lo esperado.&quot;-Web</subfield>
  </datafield>
  <datafield tag="020" ind1=" " ind2=" ">
   <subfield code="a">9789506418151</subfield>
  </datafield>
  <datafield tag="100" ind1="1" ind2=" ">
   <subfield code="a">Cañeque, Hilda.</subfield>
  </datafield>
  <datafield tag="082" ind1="0" ind2="4">
   <subfield code="a">658.4092</subfield>
   <subfield code="2">20</subfield>
  </datafield>
  <datafield tag="650" ind1=" " ind2="7">
   <subfield code="a">Creatividad.</subfield>
  </datafield>
  <datafield tag="653" ind1=" " ind2=" ">
   <subfield code="a">Lectura Recreativa</subfield>
  </datafield>
  <datafield tag="859" ind1=" " ind2=" ">
   <subfield code="a">AR-BaUEB</subfield>
   <subfield code="b">BIB. ECONOMIA - General</subfield>
   <subfield code="h">658.4092</subfield>
   <subfield code="i">C169</subfield>
   <subfield code="p">e15650</subfield>
  </datafield>
 </record>
</collection>
